|
|
|
|
| LEADER |
03725nam a2200577 4500 |
| 001 |
978-981-13-1202-1 |
| 003 |
DE-He213 |
| 005 |
20191025051333.0 |
| 007 |
cr nn 008mamaa |
| 008 |
180714s2019 si | s |||| 0|eng d |
| 020 |
|
|
|a 9789811312021
|9 978-981-13-1202-1
|
| 024 |
7 |
|
|a 10.1007/978-981-13-1202-1
|2 doi
|
| 040 |
|
|
|d GrThAP
|
| 050 |
|
4 |
|a NA2542.36
|
| 072 |
|
7 |
|a AMCR
|2 bicssc
|
| 072 |
|
7 |
|a ARC018000
|2 bisacsh
|
| 072 |
|
7 |
|a AMCR
|2 thema
|
| 082 |
0 |
4 |
|a 720.47
|2 23
|
| 245 |
1 |
0 |
|a Green Buildings and Sustainable Engineering
|h [electronic resource] :
|b Proceedings of GBSE 2018 /
|c edited by Harald Drück, Radhakrishna G. Pillai, Manoj G Tharian, Aysha Zeneeb Majeed.
|
| 250 |
|
|
|a 1st ed. 2019.
|
| 264 |
|
1 |
|a Singapore :
|b Springer Singapore :
|b Imprint: Springer,
|c 2019.
|
| 300 |
|
|
|a XXVI, 475 p. 255 illus., 174 illus. in color.
|b online resource.
|
| 336 |
|
|
|a text
|b txt
|2 rdacontent
|
| 337 |
|
|
|a computer
|b c
|2 rdamedia
|
| 338 |
|
|
|a online resource
|b cr
|2 rdacarrier
|
| 347 |
|
|
|a text file
|b PDF
|2 rda
|
| 490 |
1 |
|
|a Springer Transactions in Civil and Environmental Engineering,
|x 2363-7633
|
| 505 |
0 |
|
|a CONFERENCE TRACKS: Green Buildings -- Smart Energy Systems -- Green Manufacturing & Materials -- Nanotechnology for Environmental Remediation and Protection -- Sustainable Energy Technologies -- Energy Storage Technology and Materials -- Life Cycle Analysis and Sustainability Assessment of Materials and Products -- Recycling and Waste Management -- Security of Energy Supply -- Ecological Liveable Environment Construction -- Sustainable Traffic Solutions including e-mobility -- Effective Water Management Systems -- Sanitation and Waste Water Management -- Architectural Concepts for Smart Cities including Advanced Tools such as GIS -- Environmental Geotechnics -- Ground Improvement Techniques.
|
| 520 |
|
|
|a This book comprises the proceedings of the International Conference on Green Buildings and Sustainable Engineering (GBSE 2018), which focused on the theme "Transforming our Built Environment through Innovation and Integration towards a Smart and Sustainable Future". The papers included address all aspects of green buildings and sustainability practices in civil engineering, and offer a valuable reference resource for researchers, practitioners, and policy makers. .
|
| 650 |
|
0 |
|a Sustainable architecture.
|
| 650 |
|
0 |
|a Buildings-Design and construction.
|
| 650 |
|
0 |
|a Building.
|
| 650 |
|
0 |
|a Construction.
|
| 650 |
|
0 |
|a Engineering, Architectural.
|
| 650 |
|
0 |
|a Sustainable development.
|
| 650 |
1 |
4 |
|a Sustainable Architecture/Green Buildings.
|0 http://scigraph.springernature.com/things/product-market-codes/122000
|
| 650 |
2 |
4 |
|a Building Construction and Design.
|0 http://scigraph.springernature.com/things/product-market-codes/T23012
|
| 650 |
2 |
4 |
|a Sustainable Development.
|0 http://scigraph.springernature.com/things/product-market-codes/U34000
|
| 700 |
1 |
|
|a Drück, Harald.
|e editor.
|4 edt
|4 http://id.loc.gov/vocabulary/relators/edt
|
| 700 |
1 |
|
|a Pillai, Radhakrishna G.
|e editor.
|4 edt
|4 http://id.loc.gov/vocabulary/relators/edt
|
| 700 |
1 |
|
|a Tharian, Manoj G.
|e editor.
|4 edt
|4 http://id.loc.gov/vocabulary/relators/edt
|
| 700 |
1 |
|
|a Majeed, Aysha Zeneeb.
|e editor.
|4 edt
|4 http://id.loc.gov/vocabulary/relators/edt
|
| 710 |
2 |
|
|a SpringerLink (Online service)
|
| 773 |
0 |
|
|t Springer eBooks
|
| 776 |
0 |
8 |
|i Printed edition:
|z 9789811312014
|
| 776 |
0 |
8 |
|i Printed edition:
|z 9789811312038
|
| 776 |
0 |
8 |
|i Printed edition:
|z 9789811345821
|
| 830 |
|
0 |
|a Springer Transactions in Civil and Environmental Engineering,
|x 2363-7633
|
| 856 |
4 |
0 |
|u https://doi.org/10.1007/978-981-13-1202-1
|z Full Text via HEAL-Link
|
| 912 |
|
|
|a ZDB-2-ENG
|
| 950 |
|
|
|a Engineering (Springer-11647)
|